LEADER 01352nam0 22003011i 450 001 VAN0045849 005 20100608120000.0 010 $a88-14-11264-9 100 $a20060531d2004 |0itac50 ba 101 $aita 102 $aIT 105 $a|||| ||||| 200 1 $aˆL'‰esecuzione mobiliare$eespropriazione presso il debitore (artt. 513-542 Cod. proc. civ.), espropriazione presso terzi (artt. 543-554 Cod. proc. civ.)$fValentina Cacace 210 $aMilano$cGiuffré$d2004 215 $aXXXIII, 641 p.$d24 cm. 410 1$1001VAN0010542$12001 $aItinerari nel processo civile$fguide coordinate da Fortunato Lazzaro$1210 $aMilano$cGiuffrè. 606 $aProcesso di esecuzione$3VANC001950$2FI 606 $aESECUZIONE MOBILIARE$3VANC017252$2FI 620 $dMilano$3VANL000284 676 $a347.45077$cDiritto processuale civile e tribunali civili. Sentenze. Italia.$v21 700 1$aCacace$bValentina$3VANV036724$0424012 712 $aGiuffrè $3VANV109181$4650 801 $aIT$bSOL$c20230616$gRICA 899 $aBIBLIOTECA DEL DIPARTIMENTO DI GIURISPRUDENZA$1IT-CE0105$2VAN00 912 $aVAN0045849 950 $aBIBLIOTECA DEL DIPARTIMENTO DI GIURISPRUDENZA$d00CONS XVI.Eh.44 $e00 31812 20060605 996 $aEsecuzione mobiliare$9735729 997 $aUNICAMPANIA